| 000 | 00700cam a2200205 4500 | ||
|---|---|---|---|
| 001 | B592 | ||
| 008 | 090401t xxu||||| |||| 00| 0 eng d | ||
| 035 | _a(Sirsi) u36702 | ||
| 041 | _aeng | ||
| 050 | _a711.552 | ||
| 110 |
_aHillier Parker Research _92002 |
||
| 245 | _aNational ranking of shopping centres | ||
| 260 |
_aLondon _bHillier Parker May and Rowden _c1985? |
||
| 300 | _a(21) leaves ; 30cm. | ||
| 350 | _a22.5 | ||
| 520 | _aBased on research project sponsored by Royal Institution of Chartered Surveyors and the Economic and Social Research Council and carried out by the University of Newcastle and Hillier Parker Research. | ||
| 650 | _aRESEARCH | ||
| 942 | _n0 | ||
| 948 | _c04/03/1997 | ||
| 999 |
_c90367 _d90367 |
||